=LDR 00000nam 2200000 4500 =001 INLIS000000000040093 =005 20130612145658 =008 ***********************************ind** =035 ##$$0010-061300000040093 =041 ##$$a ind =082 ##$$a 338.7 =100 ##$$a gaspersz, vincent =245 ##$$a ekonomi manajerial : landasan analisis dan strategi bisnis untuk manajemen perusahaan dan industri =260 ##$$a penebar swadaya $b jakarta =300 ##$$a 736 hlm =850 ##$$a NBPNMAT =990 ##$$a 0001/BPAP-NTB/2016 =990 ##$$a 0001/BPAP-NTB/2016